The Wolverine (2013) Characters - Statistics

General Stats
  • This quiz has been taken 7 times
  • The average score is 4 of 9
Answer Stats
Hint Answer % Correct
Hugh Jackman Wolverine/Logan
100%
Will Yun Lee Harada
60%
Famke Janssen Jean Grey
60%
Tao Okamaho Mariko
60%
Svetlana Khodchenkova Viper
60%
Hal Yamanouchi Yashida
60%
Hiroyuki Sanaka Shingen
40%
Brian Tee Naburo
0%
Rila Fukushima Yukio Oyama
0%
No matching quizzes found
Score Distribution
Percent of People with Each Score
Percentile by Number Answered
Your Score History
You have not taken this quiz